The law on partnerships and private corporations / (Record no. 121)

MARC details
000 -LEADER
fixed length control field 00730nam a2200229 4500
003 - CONTROL NUMBER IDENTIFIER
control field OSt
005 - DATE AND TIME OF LATEST TRANSACTION
control field 20240604060535.0
008 - FIXED-LENGTH DATA ELEMENTS--GENERAL INFORMATION
fixed length control field 240604b |||||||| |||| 00| 0 eng d
020 ## - INTERNATIONAL STANDARD BOOK NUMBER
International Standard Book Number 9789712364549
040 ## - CATALOGING SOURCE
Original cataloging agency DWCL-Main lib.
Transcribing agency OC
082 ## - DEWEY DECIMAL CLASSIFICATION NUMBER
Edition number 2013 edition
Classification number Fil. 346.599 D377L 2013
006 - FIXED-LENGTH DATA ELEMENTS--ADDITIONAL MATERIAL CHARACTERISTICS
fixed length control field a
100 ## - MAIN ENTRY--PERSONAL NAME
Personal name De Leon, Hector S
245 ## - TITLE STATEMENT
Title The law on partnerships and private corporations /
250 ## - EDITION STATEMENT
Edition statement 2013 edition
260 ## - PUBLICATION, DISTRIBUTION, ETC.
Place of publication, distribution, etc. Manila, Phils. :
Name of publisher, distributor, etc. Published & distributed by Rex Book Store,
Date of publication, distribution, etc. c2013.
300 ## - PHYSICAL DESCRIPTION
Extent xxvii,
Other physical details 623 pages ;
Dimensions 22 cm.
650 ## - SUBJECT ADDED ENTRY--TOPICAL TERM
Topical term or geographic name entry element 1. Partnerships–Philippines.
650 ## - SUBJECT ADDED ENTRY--TOPICAL TERM
Topical term or geographic name entry element 2. Corporation law–Philippines.
700 ## - ADDED ENTRY--PERSONAL NAME
Personal name Hector S De Leon
942 ## - ADDED ENTRY ELEMENTS (KOHA)
Source of classification or shelving scheme Dewey Decimal Classification
Suppress in OPAC No
Koha item type Book-Filipiniana
Edition 2013 edition
Call number prefix Fil.
Holdings
Withdrawn status Lost status Source of classification or shelving scheme Damaged status Not for loan Home library Current library Date acquired Source of acquisition Total Checkouts Full call number Barcode Date last seen Copy number Price effective from Koha item type Uniform Resource Identifier
    Dewey Decimal Classification     College Library College Library 01/06/2014 School Fund   Fil. 346.599 D377L 2013 50526 06/04/2024 c1 06/04/2024 Book-Filipiniana
    Dewey Decimal Classification     College Library College Library 01/05/2016 Replacement   Fil. 346.599 D377L 2013 51293 06/04/2024 c2 06/04/2024 Book-Filipiniana
    Dewey Decimal Classification     College Library College Library 01/05/2016 Replacement   Fil. 346.599 D377L 2013 51294 06/04/2024 c3 06/04/2024 Book-Filipiniana
    Dewey Decimal Classification     College Library College Library 01/05/2016 Replacement   Fil. 346.599 D377L 2013 51295 06/04/2024 c4 06/04/2024 Book-Filipiniana